000 00335nam a22001457a 4500
008 221121b ||||| |||| 00| 0 eng d
020 _a9781284121247
041 _aeng
080 _2FOURTH EDITION
_a610.73
082 _a610.73McG
100 _a7
101 _aINF
245 _aNURSING INFORMATICS
_cMcGONIGLE D
942 _2udc
_cBK
999 _c58983
_d58983